000 00917nas a2200289 4500
001 BR2018000994
003 BR-BrBNA
005 20231205131326.0
007 ta
008 230509b bl.|||p| |||| 00| 00por d
040 _aBR-BrBNA
_bpor
_cBiblioteca Nacional de Agricultura
041 _a(En)
072 _aU10
100 1 _aFagundes, D.S.
100 1 _aOrrico Junior, M.A.P.
100 1 _aOrrico, A.C.A.
100 1 _aSeno, L.O.
245 1 _aMathematical models of anaerobic digestion for the treatment of swine effluents
650 _aSUÍNO
650 _aMETANO
650 _aBIODIGESTOR
650 _aMODELO MATEMÁTICO
773 0 _tPesquisa Agropecuária Tropical (Brazil)
_xISSN 1983-4063
_g(Apr-Jun 2015), v. 45(2) p. 172-179
_wBR2018000994
856 4 0 _uhttp://www.scielo.br/pdf/pat/v45n2/1517-6398-pat-45-02-0172.pdf
909 _a202311
_bLúcia
_c55
_dLúcia Elande
942 _2AGRIS
_n0
_cANA
999 _c254198
_d254198